The Oxford Handbook of india's national security / (Record no. 153840)

MARC details
000 -LEADER
fixed length control field 00733nam a22002177a 4500
005 - DATE AND TIME OF LATEST TRANSACTION
control field 20180711145145.0
010 ## - LCCN (DPL NO)
LC control number ENG-123444
020 ## - INTERNATIONAL STANDARD BOOK NUMBER
Terms of availability 2495.00
International Standard Book Number 9780199480135
035 ## - SYSTEM CONTROL NUMBER
System control number EN-106976
037 ## - SOURCE OF ACQUISITION
Source of stock number/acquisition DBAD/PUB.
082 ## - DEWEY DECIMAL CLASSIFICATION NUMBER
Classification number 355.02170954
245 ## - TITLE STATEMENT
Title The Oxford Handbook of india's national security /
Statement of responsibility, etc ed. by Sumit Ganguly; Nicolas blarel [and] Manjeet S. Pardesi
260 ## - PUBLICATION, DISTRIBUTION, ETC. (IMPRINT)
Place of publication, distribution, etc New Delhi
Name of publisher, distributor, etc Oxford University Press
Date of publication, distribution, etc 2018
270 ## - ADDRESS
Address 2/11, Ground Floor, Ansari Road, Daryaganj,
City New Delhi
Postal code 110002
300 ## - PHYSICAL DESCRIPTION
Extent xx,532p.
Dimensions 24cm(Hb)
500 ## - GENERAL NOTE
General note It includes index
700 ## - ADDED ENTRY--PERSONAL NAME
Personal name Ganguly, Sumit
700 ## - ADDED ENTRY--PERSONAL NAME
Personal name blarel, Nicolas
700 ## - ADDED ENTRY--PERSONAL NAME
Personal name Manjeet S. Pardesi
942 ## - ADDED ENTRY ELEMENTS (KOHA)
Source of classification or shelving scheme Dewey Decimal Classification
Item type English Books
Classification part 355.02170954
Call number suffix OXF
Holdings
Withdrawn status Lost status Not for loan Collection code Home library Current library Date acquired Source of acquisition Cost, normal purchase price Full call number Barcode Copy number Cost, replacement price Koha item type
    Not For Loan Non-fiction D.B.Act.Division Central Library 11/07/2018 DBAD/PUB 2495.00 355.02170954 OXF EN-106976 1 2495.00 English Books

© Delhi Public Library
Hit Counter
free hit counter